[Event "LSS RF-2008-0-00019"]
[Site "LSS email"]
[Date "2008.10.26"]
[Round "?"]
[White "Weiss, Frederic J Marie"]
[Black "Markova, Stanislava"]
[Result "0-1"]
[WhiteElo "966"]
[BlackElo "1157"]
[PlyCount "24"]
[EventDate "2008.10.19"]
[EventType "tourn (corr)"]
[EventRounds "6"]
[EventCountry "GER"]
[SourceTitle "Corr 2013"]
[Source "ChessBase"]
[SourceDate "2012.11.12"]
[SourceVersion "1"]
[SourceVersionDate "2012.11.12"]
[SourceQuality "1"]

1. e4 c6 2. d4 d5 3. exd5 cxd5 4. c4 Nf6 5. Nc3 e6 6. cxd5 Nxd5 7. Nf3 Be7 8. Nxd5 Qxd5 9. Bd3 Nc6 10. Be3 Bb4+ 11. Ke2 b6 12. a3 Be7 0-1

[Event "LSS CP-2008-P-00053"]
[Site "LSS email"]
[Date "2008.10.01"]
[Round "?"]
[White "Weiss, Frederic J Marie"]
[Black "Leonard, Mark"]
[Result "0-1"]
[WhiteElo "1029"]
[BlackElo "2304"]
[PlyCount "21"]
[EventDate "2008.10.01"]
[EventType "tourn (corr)"]
[EventRounds "6"]
[EventCountry "GER"]
[SourceTitle "Corr 2013"]
[Source "ChessBase"]
[SourceDate "2012.11.12"]
[SourceVersion "1"]
[SourceVersionDate "2012.11.12"]
[SourceQuality "1"]
[WhiteTeam "US of America"]
[BlackTeam "US of America"]
[WhiteTeamCountry "USA"]
[BlackTeamCountry "USA"]

1. e4 e5 2. Nf3 Nc6 3. Bb5 a6 4. Bxc6 dxc6 5. 0-0 f6 6. d4 Bg4 7. dxe5 Qxd1 8. Rxd1 fxe5 9. Nbd2 Bd6 10. h3 Bh5 11. Nc4 0-1

[Event "LSS RF-2008-0-00017"]
[Site "LSS email"]
[Date "2008.09.17"]
[Round "?"]
[White "Weiss, Frederic J Marie"]
[Black "Kerekgyarto, Ference"]
[Result "0-1"]
[WhiteElo "966"]
[BlackElo "1420"]
[PlyCount "50"]
[EventDate "2008.08.27"]
[EventType "tourn (corr)"]
[EventRounds "6"]
[EventCountry "GER"]
[SourceTitle "Corr 2013"]
[Source "ChessBase"]
[SourceDate "2012.11.12"]
[SourceVersion "1"]
[SourceVersionDate "2012.11.12"]
[SourceQuality "1"]

1. e4 e5 2. Nf3 d6 3. d4 exd4 4. Nxd4 c5 5. Nb5 a6 6. N5c3 Nf6 7. Bg5 Be7 8. Bc4 0-0 9. 0-0 Nc6 10. Bxf6 Bxf6 11. f4 Qb6 12. Qc1 Be6 13. Na3 Bxc4 14. Nxc4 Qb4 15. e5 dxe5 16. Nxe5 Nxe5 17. fxe5 Bxe5 18. a3 Qd4+ 19. Kh1 Qh4 20. g3 Bxg3 21. Qd2 Be5 22. Qf2 Qxf2 23. Rxf2 Bxc3 24. bxc3 Rae8 25. Rb1 Re7 0-1

[Event "LSS RF-2008-0-00017"]
[Site "LSS email"]
[Date "2008.09.13"]
[Round "?"]
[White "Weiss, Frederic J Marie"]
[Black "Nash, Chris"]
[Result "0-1"]
[WhiteElo "966"]
[BlackElo "972"]
[PlyCount "70"]
[EventDate "2008.08.27"]
[EventType "tourn (corr)"]
[EventRounds "6"]
[EventCountry "GER"]
[SourceTitle "Corr 2013"]
[Source "ChessBase"]
[SourceDate "2012.11.12"]
[SourceVersion "1"]
[SourceVersionDate "2012.11.12"]
[SourceQuality "1"]

1. e4 e5 2. Nf3 Nc6 3. d4 exd4 4. Nxd4 Nxd4 5. Qxd4 d6 6. Nc3 Nf6 7. Bg5 Be7 8. 0-0-0 0-0 9. Bd3 h6 10. Bh4 Be6 11. f4 Nh7 12. f5 Bxh4 13. fxe6 fxe6 14. e5 Be7 15. exd6 cxd6 16. Qe4 Ng5 17. Qg4 Qe8 18. h4 h5 19. Qe2 Nh7 20. Qxe6+ Qf7 21. Qxf7+ Rxf7 22. Bc4 Nf6 23. Bxf7+ Kxf7 24. Rhf1 Kg8 25. Nb5 d5 26. Nc7 Rd8 27. Rf5 d4 28. Ne6 Rd5 29. Rxd5 Nxd5 30. Rxd4 Nb6 31. g3 Bf6 32. Rd3 Nc4 33. c3 Ne5 34. Rd1 b6 35. Nf4 g6 0-1

[Event "LSS OP-2008-0-00626"]
[Site "LSS email"]
[Date "2008.09.12"]
[Round "?"]
[White "Jordaan, Wayne"]
[Black "Weiss, Frederic J Marie"]
[Result "1-0"]
[WhiteElo "1664"]
[BlackElo "1584"]
[PlyCount "27"]
[EventDate "2008.09.10"]
[EventType "tourn (corr)"]
[EventRounds "4"]
[EventCountry "GER"]
[SourceTitle "Corr 2013"]
[Source "ChessBase"]
[SourceDate "2012.11.12"]
[SourceVersion "1"]
[SourceVersionDate "2012.11.12"]
[SourceQuality "1"]

1. d4 d5 2. c4 Nc6 3. Nc3 e6 4. Nf3 dxc4 5. e4 Bb4 6. Bxc4 Nf6 7. Qd3 0-0 8. a3 Bxc3+ 9. bxc3 a6 10. e5 Nd7 11. Ng5 g6 12. Qh3 h5 13. g4 f6 14. Nxe6 1-0

[Event "LSS OP-2008-0-00624"]
[Site "LSS email"]
[Date "2008.09.10"]
[Round "?"]
[White "Masakov, Alexey"]
[Black "Weiss, Frederic J Marie"]
[Result "1-0"]
[WhiteElo "1100"]
[BlackElo "966"]
[PlyCount "41"]
[EventDate "2008.09.08"]
[EventType "tourn (corr)"]
[EventRounds "4"]
[EventCountry "GER"]
[SourceTitle "Corr 2013"]
[Source "ChessBase"]
[SourceDate "2012.11.12"]
[SourceVersion "1"]
[SourceVersionDate "2012.11.12"]
[SourceQuality "1"]

1. e4 c5 2. Nf3 d6 3. d4 cxd4 4. Nxd4 Nf6 5. Nc3 a6 6. f4 Nc6 7. Be2 Bd7 8. Be3 g6 9. 0-0 Bg7 10. Qe1 0-0 11. f5 Nxd4 12. Bxd4 Bc6 13. Qh4 b5 14. Bd3 Rc8 15. b4 Qd7 16. g4 Bxe4 17. Nxe4 Nxe4 18. Bxg7 Nd2 19. Qh6 Rfe8 20. Bd4 e5 21. f6 1-0

[Event "LSS OP-2008-0-00624"]
[Site "LSS email"]
[Date "2008.09.10"]
[Round "?"]
[White "Weiss, Frederic J Marie"]
[Black "Burns, Stephen F"]
[Result "0-1"]
[WhiteElo "966"]
[BlackElo "1991"]
[PlyCount "54"]
[EventDate "2008.09.08"]
[EventType "tourn (corr)"]
[EventRounds "4"]
[EventCountry "GER"]
[SourceTitle "Corr 2013"]
[Source "ChessBase"]
[SourceDate "2012.11.12"]
[SourceVersion "1"]
[SourceVersionDate "2012.11.12"]
[SourceQuality "1"]

1. e4 c6 2. Nc3 d5 3. Qf3 Nf6 4. exd5 cxd5 5. d4 Nc6 6. Bg5 Nxd4 7. Qd3 e5 8. Bxf6 gxf6 9. 0-0-0 Be6 10. Nb5 Nxb5 11. Qxb5+ Qd7 12. Qxd7+ Kxd7 13. Bb5+ Kc7 14. Ne2 a6 15. Ba4 b5 16. Bb3 Bh6+ 17. Kb1 Rhd8 18. g3 Rac8 19. f4 Kb6 20. Nc3 d4 21. Ne4 Bg7 22. fxe5 Bxb3 23. axb3 fxe5 24. Rhf1 Rd7 25. Ng5 h6 26. Rxf7 Rxf7 27. Nxf7 Kc6 0-1

[Event "LSS RF-2008-0-00017"]
[Site "LSS email"]
[Date "2008.09.09"]
[Round "?"]
[White "Feng, Jason"]
[Black "Weiss, Frederic J Marie"]
[Result "1/2-1/2"]
[WhiteElo "885"]
[BlackElo "966"]
[PlyCount "27"]
[EventDate "2008.08.27"]
[EventType "tourn (corr)"]
[EventRounds "6"]
[EventCountry "GER"]
[SourceTitle "Corr 2013"]
[Source "ChessBase"]
[SourceDate "2012.11.12"]
[SourceVersion "1"]
[SourceVersionDate "2012.11.12"]
[SourceQuality "1"]

1. d4 d5 2. Nf3 Bg4 3. h3 Bxf3 4. exf3 Nf6 5. Bd3 c6 6. Be3 Nbd7 7. 0-0 e6 8. f4 c5 9. dxc5 Bxc5 10. Bb5 Bxe3 11. fxe3 Qb6 12. Bxd7+ Nxd7 13. Qd4 Qxd4 14. exd4 1/2-1/2

[Event "LSS RB-2008-0-00022"]
[Site "LSS email"]
[Date "2008.09.02"]
[Round "?"]
[White "Weiss, Frederic J Marie"]
[Black "Do Amaral, Rogerio Einloft"]
[Result "0-1"]
[WhiteElo "1584"]
[BlackElo "1837"]
[PlyCount "34"]
[EventDate "2008.08.17"]
[EventType "tourn (corr)"]
[EventRounds "6"]
[EventCountry "GER"]
[SourceTitle "Corr 2013"]
[Source "ChessBase"]
[SourceDate "2012.11.12"]
[SourceVersion "1"]
[SourceVersionDate "2012.11.12"]
[SourceQuality "1"]

1. e4 c6 2. d4 d5 3. exd5 cxd5 4. c4 Nf6 5. Nc3 e6 6. Nf3 Bb4 7. Bd2 0-0 8. cxd5 Nxd5 9. Bc4 Nc6 10. Nxd5 exd5 11. Bd3 Bg4 12. 0-0 Bxd2 13. Qxd2 Bxf3 14. gxf3 Qf6 15. Kg2 g6 16. Rad1 Nxd4 17. f4 Rfe8 0-1

[Event "LSS OP-2008-0-00617"]
[Site "LSS email"]
[Date "2008.08.31"]
[Round "?"]
[White "Weiss, Frederic J Marie"]
[Black "Carrizo, Sergio Gaston"]
[Result "0-1"]
[WhiteElo "966"]
[BlackElo "1044"]
[PlyCount "40"]
[EventDate "2008.08.30"]
[EventType "tourn (corr)"]
[EventRounds "4"]
[EventCountry "GER"]
[SourceTitle "Corr 2013"]
[Source "ChessBase"]
[SourceDate "2012.11.12"]
[SourceVersion "1"]
[SourceVersionDate "2012.11.12"]
[SourceQuality "1"]

1. e4 d5 2. exd5 Qxd5 3. Nc3 Qa5 4. Nf3 Bg4 5. Be2 e6 6. 0-0 Nf6 7. h3 Bxf3 8. Bxf3 c6 9. d3 Be7 10. Bd2 Qd8 11. Qe2 0-0 12. a4 Bb4 13. Ne4 Bxd2 14. Qxd2 a5 15. Qc3 Nxe4 16. Bxe4 Qd6 17. f4 g6 18. h4 f5 19. Bf3 Qxf4 20. Rae1 Qxh4 0-1

[Event "LSS RB-2008-0-00021"]
[Site "LSS email"]
[Date "2008.08.30"]
[Round "?"]
[White "Narkun, Michal"]
[Black "Weiss, Frederic J Marie"]
[Result "1-0"]
[WhiteElo "2188"]
[BlackElo "1584"]
[PlyCount "49"]
[EventDate "2008.08.17"]
[EventType "tourn (corr)"]
[EventRounds "6"]
[EventCountry "GER"]
[SourceTitle "Corr 2013"]
[Source "ChessBase"]
[SourceDate "2012.11.12"]
[SourceVersion "1"]
[SourceVersionDate "2012.11.12"]
[SourceQuality "1"]

1. Nf3 c5 2. c4 Nc6 3. g3 g6 4. Bg2 Bg7 5. Nc3 Nf6 6. d4 cxd4 7. Nxd4 0-0 8. 0-0 Nxd4 9. Qxd4 d6 10. Qd3 Rb8 11. Be3 b6 12. Bd4 Bb7 13. e4 Nd7 14. Bxg7 Kxg7 15. Qd4+ Kg8 16. f4 Qc7 17. b3 Qc5 18. Rad1 Qxd4+ 19. Rxd4 Nf6 20. e5 dxe5 21. fxe5 Bxg2 22. Kxg2 Nh5 23. Rd7 a5 24. Rxe7 Rbe8 25. Rfxf7 1-0

[Event "LSS RB-2008-0-00022"]
[Site "LSS email"]
[Date "2008.08.30"]
[Round "?"]
[White "Weiss, Frederic J Marie"]
[Black "Ponting, Andrew"]
[Result "0-1"]
[WhiteElo "1584"]
[BlackElo "1842"]
[PlyCount "36"]
[EventDate "2008.08.17"]
[EventType "tourn (corr)"]
[EventRounds "6"]
[EventCountry "GER"]
[SourceTitle "Corr 2013"]
[Source "ChessBase"]
[SourceDate "2012.11.12"]
[SourceVersion "1"]
[SourceVersionDate "2012.11.12"]
[SourceQuality "1"]

1. e4 c5 2. d4 cxd4 3. c3 dxc3 4. Nxc3 e6 5. Nf3 Nc6 6. Bc4 a6 7. 0-0 Nge7 8. Qe2 Ng6 9. Rd1 Be7 10. Be3 b5 11. Bb3 0-0 12. Rac1 Bb7 13. Rd2 d6 14. Rcd1 Qa5 15. a3 Rac8 16. Bc2 Nce5 17. Nxe5 Nxe5 18. f4 Nc4 0-1

[Event "LSS RB-2008-0-00021"]
[Site "LSS email"]
[Date "2008.08.29"]
[Round "?"]
[White "Herzog, Klaus"]
[Black "Weiss, Frederic J Marie"]
[Result "1-0"]
[WhiteElo "1805"]
[BlackElo "1584"]
[PlyCount "51"]
[EventDate "2008.08.17"]
[EventType "tourn (corr)"]
[EventRounds "6"]
[EventCountry "GER"]
[SourceTitle "Corr 2013"]
[Source "ChessBase"]
[SourceDate "2012.11.12"]
[SourceVersion "1"]
[SourceVersionDate "2012.11.12"]
[SourceQuality "1"]

1. e4 d5 2. d4 e6 3. Nd2 c5 4. exd5 Qxd5 5. Ngf3 cxd4 6. Bc4 Qd6 7. 0-0 Nf6 8. Nb3 Nc6 9. Nbxd4 Nxd4 10. Qxd4 Qxd4 11. Nxd4 a6 12. c3 Bc5 13. Bg5 Be7 14. Rfe1 h6 15. Bf4 0-0 16. Rad1 b5 17. Bb3 Bb7 18. Nxe6 fxe6 19. Rxe6 Bc5 20. Rxf6+ Kh8 21. Rxf8+ Rxf8 22. Be3 Bxe3 23. fxe3 Re8 24. Rd6 Rxe3 25. Rd8+ Kh7 26. Bc2+ 1-0

[Event "LSS ZN-2008-0-00486"]
[Site "LSS email"]
[Date "2008.08.27"]
[Round "?"]
[White "Loktayev, Vladislav"]
[Black "Weiss, Frederic J Marie"]
[Result "1-0"]
[WhiteElo "1177"]
[BlackElo "966"]
[PlyCount "53"]
[EventDate "2008.08.25"]
[EventType "match (corr)"]
[EventRounds "2"]
[EventCountry "GER"]
[SourceTitle "Corr 2013"]
[Source "ChessBase"]
[SourceDate "2012.11.12"]
[SourceVersion "1"]
[SourceVersionDate "2012.11.12"]
[SourceQuality "1"]

1. d4 b6 2. c4 Bb7 3. Nc3 e6 4. a3 f5 5. Nf3 Nf6 6. Bf4 Be7 7. e3 0-0 8. Be2 Nc6 9. 0-0 Ne4 10. d5 Nxc3 11. bxc3 Na5 12. Qd3 Nb3 13. Ra2 Nc5 14. Qd1 Ne4 15. Qd3 Bf6 16. Be5 d6 17. Bxf6 Qxf6 18. dxe6 Qxe6 19. Nd4 Qg6 20. f3 Nc5 21. Qc2 Rae8 22. Qd2 Kh8 23. Nb5 Re7 24. Re1 a6 25. Nd4 Ne6 26. Bd1 c5 27. Nxe6 1-0